Green communications and networking (Record no. 11610)

000 -LEADER
fixed length control field 01229cam a2200325 i 4500
001 - CONTROL NUMBER
control field 17451877
005 - DATE AND TIME OF LATEST TRANSACTION
control field 20170105102344.0
008 - FIXED-LENGTH DATA ELEMENTS--GENERAL INFORMATION
fixed length control field 120904t20132013flua b 001 0 eng
010 ## - LIBRARY OF CONGRESS CONTROL NUMBER
LC control number 2012026685
020 ## - INTERNATIONAL STANDARD BOOK NUMBER
International Standard Book Number 9781439899137 (hardback : acidfree paper)
040 ## - CATALOGING SOURCE
Original cataloging agency DLC
Language of cataloging eng
Transcribing agency DLC
Description conventions rda
Modifying agency DLC
042 ## - AUTHENTICATION CODE
Authentication code pcc
050 00 - LIBRARY OF CONGRESS CALL NUMBER
Classification number TK5102.5
Item number .G733 2013
082 00 - DEWEY DECIMAL CLASSIFICATION NUMBER
Classification number 621.3820286
Edition number 23
245 00 - TITLE STATEMENT
Title Green communications and networking
Statement of responsibility, etc. F. Richard Yu, Xi Zhang, Victor C.M. Leung.
260 ## - PUBLICATION, DISTRIBUTION, ETC.
Place of publication, distribution, etc. New York
Name of publisher, distributor, etc. CRC Press
Date of publication, distribution, etc. 2013
300 ## - PHYSICAL DESCRIPTION
Extent xix, 379 pages :
Other physical details illustrations ;
Dimensions 25 cm
504 ## - BIBLIOGRAPHY, ETC. NOTE
Bibliography, etc. note Includes bibliographical references and index.
650 #0 - SUBJECT ADDED ENTRY--TOPICAL TERM
Topical term or geographic name entry element Telecommunication
General subdivision Energy conservation.
650 #0 - SUBJECT ADDED ENTRY--TOPICAL TERM
Topical term or geographic name entry element Computer networks
General subdivision Energy conservation.
650 #0 - SUBJECT ADDED ENTRY--TOPICAL TERM
Topical term or geographic name entry element Telecommunication
General subdivision Environmental aspects.
650 #0 - SUBJECT ADDED ENTRY--TOPICAL TERM
Topical term or geographic name entry element Greenhouse gas mitigation.
650 #0 - SUBJECT ADDED ENTRY--TOPICAL TERM
Topical term or geographic name entry element Sustainable engineering.
700 1# - ADDED ENTRY--PERSONAL NAME
Personal name Yu, F. Richard.
700 1# - ADDED ENTRY--PERSONAL NAME
Personal name Zhang, Xi.
700 1# - ADDED ENTRY--PERSONAL NAME
Personal name Leung, Victor Chung Ming,
Dates associated with a name 1955-
906 ## - LOCAL DATA ELEMENT F, LDF (RLIN)
a 7
b cbc
c orignew
d 1
e ecip
f 20
g y-gencatlg
942 ## - ADDED ENTRY ELEMENTS (KOHA)
Source of classification or shelving scheme
Koha item type Book
Holdings
Withdrawn status Lost status Damaged status Not for loan Collection code Permanent Location Current Location Shelving location Date acquired Source of acquisition Cost, normal purchase price Total Checkouts Full call number Barcode Date last seen Price effective from Koha item type
          Central Library (CL) Central Library (CL) General Stacks 02/27/2013 Progressive International Agencies 7475.15   621.3820286 YUF SEECS012036 03/06/2013 03/06/2013 Book
© 2023 Central Library, National University of Sciences and Technology. All Rights Reserved.